Biochemistry (Record no. 226857)
[ view plain ]
| 000 -LEADER | |
|---|---|
| fixed length control field | 01382nam a22002297a 4500 |
| 005 - DATE AND TIME OF LATEST TRANSACTION | |
| control field | 20230316162126.0 |
| 008 - FIXED-LENGTH DATA ELEMENTS--GENERAL INFORMATION | |
| fixed length control field | 230301b ||||| |||| 00| 0 eng d |
| 020 ## - INTERNATIONAL STANDARD BOOK NUMBER | |
| International Standard Book Number | 9781319114657 |
| 040 ## - CATALOGING SOURCE | |
| Transcribing agency | AL |
| 041 ## - LANGUAGE CODE | |
| Language code of text/sound track or separate title | eng |
| 082 ## - DEWEY DECIMAL CLASSIFICATION NUMBER | |
| Edition number | 23 |
| Classification number | 574.192 |
| Item number | BERB |
| 100 ## - MAIN ENTRY--PERSONAL NAME | |
| Personal name | Jeremy M. Berg |
| 9 (RLIN) | 73786 |
| 245 ## - TITLE STATEMENT | |
| Title | Biochemistry |
| 250 ## - EDITION STATEMENT | |
| Edition statement | 9th ed. |
| 260 ## - PUBLICATION, DISTRIBUTION, ETC. | |
| Place of publication, distribution, etc. | America |
| Name of publisher, distributor, etc. | Macmillan International Higher Education |
| Date of publication, distribution, etc. | 2019 |
| 300 ## - PHYSICAL DESCRIPTION | |
| Extent | xlii,860p. |
| Other physical details | HB |
| Dimensions | 28x21cm. |
| 365 ## - TRADE PRICE | |
| Source of price type code | General |
| Price type code | ABDI/0658/23 |
| Price amount | ₹5794.00 |
| Currency code | ₹ |
| Unit of pricing | ₹7725.00 |
| Price note | 25% |
| Price effective from | 13/02/2023 |
| 520 ## - SUMMARY, ETC. | |
| Summary, etc. | For four decades, this extraordinary textbook played a pivotal role in the way biochemistry is taught, offering exceptionally clear writing, and innovative graphics, coverage of the latest research techniques and advances, and a signature emphasis on physiological and medical relevance. Those defining features are at the heart of this new edition.<br/>Paired for the first time with SaplingPlus the most innovative digital solution for biochemistry students. Offering the best combination of resources to help students visualise material and develop successful problem-solving skills in an effort to help students master complex concepts in isolation, and draw on that mastery to make connections across concepts.<br/> |
| 650 ## - SUBJECT ADDED ENTRY--TOPICAL TERM | |
| Source of heading or term | Biochemistry |
| Topical term or geographic name entry element | Biochemistry |
| 9 (RLIN) | 75967 |
| 700 ## - ADDED ENTRY--PERSONAL NAME | |
| Personal name | Tymoczko, John L; et al |
| 9 (RLIN) | 73787 |
| 942 ## - ADDED ENTRY ELEMENTS (KOHA) | |
| Source of classification or shelving scheme | Dewey Decimal Classification |
| Koha item type | Book |
| Withdrawn status | Lost status | Source of classification or shelving scheme | Damaged status | Not for loan | Collection code | Home library | Current library | Date acquired | Source of acquisition | Cost, normal purchase price | Total Checkouts | Full call number | Barcode | Date last seen | Cost, replacement price | Price effective from | Koha item type |
|---|---|---|---|---|---|---|---|---|---|---|---|---|---|---|---|---|---|
| Dewey Decimal Classification | Bio Chemistry | St Aloysius PG Library | St Aloysius PG Library | 02/28/2023 | Academic Book DIstributors | 5793.00 | 574.192 BERB | PG024242 | 03/01/2023 | 7725.00 | 03/01/2023 | Book |